000 00621nam a2200229Ia 4500
003 OSt
005 20221007072245.0
006 a|||||r|||| 00| 0
007 ta
008 221006b |||||||| |||| 00| 0 eng d
024 _a15,543
037 _cTextual
040 _aFLL
_cFLL
_beng
041 _2eng
_aeng
082 _aX:981.3.N5, J9
100 _aWallace W. Au.
_9690360
245 0 _aPrescription for partnership
260 _aLondon
_bSir Isaac pitman and sons, ltd. London
_c1959
300 _a228p
_ccm.
942 _hX:981.3.N5, J9
_cTEXL
_2CC
999 _c1145553
_d1145553